|
|
|
|
| LEADER |
00676ncm a22002052a 4500 |
| 001 |
000694630 |
| 003 |
CZ BrMZK |
| 005 |
20120625141409.0 |
| 007 |
qu |
| 008 |
031029s1905 xr f zxx d |
| 040 |
|
|
|a BOA001
|b cze
|c BOA001
|
| 072 |
|
7 |
|a 786
|x Hudba pro klávesové nástroje
|2 Konspekt
|9 9
|
| 100 |
1 |
|
|a Tregler, Eduard,
|d 1868-1932
|7 ola200204915
|4 cmp
|
| 245 |
1 |
0 |
|a 50 předeher a meziher pro varhany, op. 20
|h [hudebnina] /
|c Eduard Tregler
|
| 260 |
|
|
|a Praha :
|b Kotrba,
|c [1905?]
|
| 300 |
|
|
|a 39 s.
|
| 910 |
|
|
|a BOA001
|b Mus4-0595.948
|
| 990 |
|
|
|a MU
|
| 991 |
|
|
|b 201206
|
| 996 |
6 |
|
|b 2619201547
|c Mus4-0595.948
|l MZK
|r Sklad / do 1 hodiny
|n 4
|w 000694630
|u 000010
|a 1
|e BOA001
|j MZK50
|s P
|